000 00559nam a2200193 i 4500
001 bg
100 1 _aWITEKOWA, Stanisława.
245 0 _aĆwiczenia z analizy jakościowej i ilościowej.
_nCz.2 /
_cStanisława Witekowa, Tadeusz Witek.
250 _aWyd.7.
260 _aWarszawa :
_bPWN,
_c1970.
650 9 _aAnaliza chemiczna ilościowa
650 9 _aAnaliza chemiczna jakościowa
655 _aPodręczniki akademickie
700 1 _aWITEK, Tadeusz.
040 _cBPK
041 _apol
942 _cKS
008 s pl f |000 0 pol
999 _c10445
_d10445
856 _uhttp://koha.tu.koszalin.pl/cgi-bin/koha/opac-detail.pl?biblionumber=10445
_yKatalog online BPK